000 00832nam a22001935i 4500
001 153280
003 ES-MaACL
005 20251013220058.0
008 990610s1846 fr |||| | fre d
040 _aCCPB | B
_bspa
_cCCPB | B
130 0 _aCorpus juris civilis.
_pInstitutiones
_9135271
245 1 0 _aInstitutes de Justinien.
_pTome second /
_ctraduites et expliquées par L. Étienne.
260 _aParis :
_bCotillon, Libraire ;
_aAix :
_bchez tous les libraires,
_c1846.
300 _a623 p. ;
_c23 cm.
650 0 7 _aDerecho romano
_2embne
_911764
700 1 _aEtienne, Louis,
_d1799-1885
_9126981
852 _aES-MaACL
_jC-3618
_z-- Enc. hol.
_x-- Edic: En t. II consta en pie de imp.: Paris: Cotillon; Aix: chez MM. Pardigon, Richard, Makaire (Aix: Imprimerie de Nicot et Pardidon)
999 _c153280
_d153280